Antológia literárnej súťaže Tak píšem ja 2006

Bibliographic Details
Corporate Author: Tak píšem ja 2006 Žiar nad Hronom, Slovensko
Other Authors: Víťazková, Miroslava (Compiler), Stojkovová, Katarína (Illustrator)
Format: Conference Proceeding Book
Language:Slovak
PhysicalDescription:150 výtl.
Published: Žiar nad Hronom Pohronské osvetové stredisko 2006
ISBN:8085160013 (brož.)
Edition:[1. vyd.]
Subjects:

MARC

LEADER 00000nam a2200000 a 4500
001 vtls008772766
003 SK-MaSNL
005 20260301165553.0
008 160610s2006 xo a g 000 m slo
015 |a SNBA2006/07-03962 
020 |a 8085160013 (brož.) 
035 |a F2B219FD-0ED9-4556-AB68-B413C3716A92 
035 |a urn:nbn:sk:snk-amkzv4 
035 |a urn:nbn:sk:snk-am008on6 
040 |a SNK  |b slo  |c SNK  |e AACR2 
041 0 |a slo 
044 |a xo  |c SK 
072 7 |a 82:06  |x Literárne organizácie, súťaže  |2 konspekt 
080 |a 821.162.4-3  |2 2001 
080 |a 821.162.4-1  |2 2001 
080 |a (082.2)  |2 2001 
080 |a 82:7.092  |2 2001 
111 2 |a Tak píšem ja 2006  |d (2006 :  |c Žiar nad Hronom, Slovensko)  |9 534499 
245 1 0 |a Antológia literárnej súťaže Tak píšem ja 2006  |c [Miroslava Víťazková ; ilustrácie: Katarína Stojkovová] 
250 |a [1. vyd.] 
260 |a Žiar nad Hronom  |b Pohronské osvetové stredisko  |c 2006 
300 |e 150 výtl. 
500 |a Názov z obalu 
504 |a Zoz. aut. prihlásených do súťaže 
521 |a Len pre vnútornú potrebu 
650 0 7 |a literárne súťaže  |2 SNKPH  |9 4275 
655 7 |a slovenské prózy  |2 SNKPH  |9 70229 
655 7 |a slovenská poézia  |2 SNKPH  |9 70444 
655 7 |a antológie  |2 SNKPH  |9 70414 
700 1 |a Víťazková, Miroslava  |4 com  |9 311481 
700 1 |a Stojkovová, Katarína  |4 ill  |9 311482 
919 |a 80-85160-01-3 
958 |a OND 
999 |c 824721  |d 826651 
952 |a SNK  |b SNK  |y PREZ  |7 0  |p 17A0513054  |o snkSC 123966  |i snk2006/11931  |8 0  |0 0  |1 0  |4 0  |d 2006-06-13  |f 1  |l 0  |r 2025-06-05 00:00:00  |w 2026-02-24 
952 |a SNK  |b SNK  |y VYP  |7 0  |p 17A0522599  |o snkSC 124966 D1  |i snk2006/19555  |8 0  |0 0  |1 0  |4 0  |d 2006-10-02  |l 0  |r 2026-02-24 03:17:39  |w 2026-02-24